Documentos de un proceso de reforma policial en Centroamérica /
Guardat en:
| Autor principal: | |
|---|---|
| Altres autors: | |
| Format: | Text |
| Publicat: |
San José:
Comisión Europea
|
| Etiquetes: |
Afegir etiqueta
Sense etiquetes, Sigues el primer a etiquetar aquest registre!
|
MARC
| LEADER | 00000 a a2200000 04500 | ||
|---|---|---|---|
| 001 | 22782 | ||
| 003 | |||
| 040 | |||
| 090 | |a 156500 | ||
| 100 | |a Chinchilla Miranda, Laura | ||
| 245 | |a Documentos de un proceso de reforma policial en Centroamérica / |c Laura Chinchilla Miranda | ||
| 260 | |a San José: |b Comisión Europea | ||
| 300 | |a 345 p |b **no definido** | ||
| 700 | |a edit | ||
| 999 | |c 10499 |d 10499 | ||
